[Event "WM Moskau"]
[Site "?"]
[Date "1985.??.??"]
[Round "22"]
[White "Karpov, Anatoly"]
[Black "Kasparov, Gary"]
[Result "1-0"]
[WhiteElo "2720"]
[BlackElo "2715"]
[PlyCount "93"]
[EventDate "1985.??.??"]
[Source "www.chesslib.no"]
[SourceDate "2004.05.04"]

1. d4 d5 2. c4 e6 3. Nc3 Be7 4. cxd5 exd5 5. Bf4 Nf6 6. e3 O-O 7. Nf3 Bf5 8. h3 c6 9. g4 Bg6 10. Ne5 Nfd7 11. Nxg6 fxg6 12. Bg2 Nb6 13. O-O Kh8 14. Ne2 g5 15. Bg3 Bd6 16. Qd3 Na6 17. b3 Qe7 18. Bxd6 Qxd6 19. f4 gxf4 20. exf4 Rae8 21. f5 Nc7 22. Rf2 Nd7 23. g5 Qe7 24. h4 Qe3 25. Rd1 Nb5 26. Qxe3 Rxe3 27. Kh2 Nb6 28. Ng3 Nc8 29. Nf1 Re7 30. Rd3 Ncd6 31. Ng3 Ne4 32. Bxe4 dxe4 33. Re3 Nxd4 34. Kh3 Re5 35. Kg4 h5+ 36. Kxh5 Nxf5 37. Rxf5 Rfxf5 38. Nxf5 Rxf5 39. Rxe4 Kh7 40. Re7 b5 41. Rxa7 b4 42. Kg4 Rb5 43. h5 Kg8 44. Ra8+ Kf7 45. g6+ Kf6 46. Rf8+ Ke6 47. h6 1-0

[Event "WM London"]
[Site "?"]
[Date "1986.??.??"]
[Round "8"]
[White "Kasparov, Gary"]
[Black "Karpov, Anatoly"]
[Result "1-0"]
[WhiteElo "2720"]
[BlackElo "2700"]
[PlyCount "93"]
[EventDate "1986.??.??"]
[Source "www.chesslib.no"]
[SourceDate "2004.05.04"]

1. d4 d5 2. c4 e6 3. Nc3 Be7 4. cxd5 exd5 5. Bf4 Nf6 6. e3 O-O 7. Bd3 c5 8. Nf3 Nc6 9. O-O Bg4 10. dxc5 Bxc5 11. h3 Bxf3 12. Qxf3 d4 13. Ne4 Be7 14. Rad1 Qa5 15. Ng3 dxe3 16. fxe3 Qxa2 17. Nf5 Qe6 18. Bh6 Ne8 19. Qh5 g6 20. Qg4 Ne5 21. Qg3 Bf6 22. Bb5 Ng7 23. Bxg7 Bxg7 24. Rd6 Qb3 25. Nxg7 Qxb5 26. Nf5 Rad8 27. Rf6 Rd2 28. Qg5 Qxb2 29. Kh1 Kh8 30. Nd4 Rxd4 31. Qxe5 Rd2 32. Qe7 Rdd8 33. Rxf7 Rxf7 34. Rxf7 Kg8 35. e4 Qc1+ 36. Kh2 Qh6 37. e5 Rf8 38. e6 g5 39. Rxf8+ Qxf8 40. Qxg5+ Kh8 41. e7 Qe8 42. h4 h5 43. Qf6+ Kg8 44. Kg1 b5 45. g4 b4 46. gxh5 b3 47. Qg6+ 1-0

[Event "Monte Carlo (Monaco)"]
[Site "?"]
[Date "2004.03.31"]
[Round "10"]
[White "Vallejo Pons Francisco"]
[Black "Shirov Alexei D"]
[Result "0-1"]
[WhiteElo "2678"]
[BlackElo "2726"]
[PlyCount "40"]
[EventDate "2004.??.??"]
[Source "www.chesslib.no"]
[SourceDate "2004.05.04"]

1. d4 d5 2. c4 e6 3. Nf3 Nf6 4. Nc3 c6 5. cxd5 exd5 6. Bg5 h6 7. Bh4 Bf5 8. Qb3 g5 9. Bg3 Qb6 10. Nd2 Nbd7 11. e3 Qxb3 12. Rc1 Nc5 13. Nxb3 Bd7 14. Rc2 b6 15. Ne4 Rg8 16. Be2 Be7 17. Bh5 a5 18. a4 Rc8 19. f4 gxf4 20. Bxf4 Nd3+ 0-1

[Event "Tilburg"]
[Site "?"]
[Date "1992.??.??"]
[Round "?"]
[White "Epishin, V."]
[Black "Ivanchuk, V."]
[Result "0-1"]
[WhiteElo "2630"]
[BlackElo "2720"]
[PlyCount "150"]
[EventDate "1992.??.??"]
[Source "ChessBase"]
[SourceDate "1992.10.01"]

1. d4 Nf6 2. c4 e6 3. Nf3 d5 4. Nc3 Nbd7 5. cxd5 exd5 6. Bf4 c6 7. Qc2 Bb4 8. e3 Nh5 9. Bg5 Be7 10. Bxe7 Qxe7 11. O-O-O Nb6 12. h3 g6 13. Bd3 Ng7 14. g4 Bd7 15. Kb1 O-O-O 16. Qb3 Be6 17. Rc1 Kb8 18. Na4 Nxa4 19. Qxa4 Rd6 20. Rc3 Rc8 21. Rhc1 f6 22. Ra3 b6 23. g5 Rc7 24. gxf6 Qxf6 25. Ne5 Bf5 26. Bxf5 Nxf5 27. f4 Ng3 28. b4 Ne4 29. Ka1 h6 30. Qc2 g5 31. fxg5 hxg5 32. Rb3 Re6 33. Qh2 Qf2 34. Qxf2 Nxf2 35. Rbc3 Kb7 36. b5 c5 37. Nc6 Rexc6 38. bxc6+ Rxc6 39. dxc5 Ne4 40. Rd3 Nxc5 41. Rdd1 Re6 42. Rxd5 Rxe3 43. Rh1 Rg3 44. Rd4 Re3 45. Rg4 Ne4 46. Rc1 Nc5 47. Rh1 Ne4 48. Rh2 Kc6 49. Kb2 a5 50. Rgg2 Rf3 51. Rc2+ Kb5 52. Rc8 Nd6 53. Rg8 Nc4+ 54. Kc1 Rg3 55. Kd1 Kb4 56. Ke1 b5 57. Rh8 a4 58. Rh5 Ka3 59. Rc2 Nd6 60. Re2 Rg1+ 61. Kf2 Rh1 62. Kg3 Ra1 63. Rxg5 Rxa2 64. Re6 Rd2 65. h4 Kb4 66. Rg4+ Kc5 67. Re5+ Rd5 68. Rgg5 Rxe5 69. Rxe5+ Kd4 70. Kf4 a3 71. Re6 Kd5 72. Re5+ Kd4 73. Re7 b4 74. Ra7 Nb5 75. Ra5 b3 0-1

[Event "Linares ESP"]
[Site "Linares ESP"]
[Date "1992.??.??"]
[Round "?"]
[White "Bareev, Evgeny I"]
[Black "Short, Nigel D"]
[Result "1/2-1/2"]
[WhiteElo "2635"]
[BlackElo "2685"]
[PlyCount "91"]
[EventDate "1992.??.??"]
[Source "www.chesslib.no"]
[SourceDate "2004.05.04"]

1. d4 d5 2. c4 e6 3. Nc3 Nf6 4. Nf3 Nbd7 5. cxd5 exd5 6. Bf4 c6 7. Qc2 Nh5 8. Bd2 Nb6 9. e4 dxe4 10. Nxe4 Be7 11. Ng3 Bg4 12. Bd3 Bxf3 13. gxf3 Nxg3 14. hxg3 Qxd4 15. O-O-O Nd5 16. Bxh7 Qf6 17. Be4 Rxh1 18. Rxh1 O-O-O 19. a3 Kb8 20. Kb1 Qe6 21. f4 Bf6 22. f5 Qe5 23. Bc1 Qd4 24. Bf3 Qb6 25. Bxd5 Rxd5 26. Rh8+ Rd8 27. Rxd8+ Qxd8 28. Qe4 Kc8 29. g4 Qe7 30. Qc4 a6 31. Kc2 Kd7 32. Qd3+ Ke8 33. f3 b5 34. Qe4 Kd7 35. Be3 Qe5 36. Qxe5 Bxe5 37. f4 Bd6 38. b4 f6 39. Kd3 Kc7 40. g5 Be7 41. Bd4 c5 42. bxc5 Kc6 43. g6 Kd5 44. Kc3 a5 45. Kd3 b4 46. a4 1/2-1/2

[Event "New York (m/12)"]
[Site "?"]
[Date "1994.??.??"]
[Round "?"]
[White "Gulko, B."]
[Black "Short, N."]
[Result "1/2-1/2"]
[WhiteElo "2615"]
[BlackElo "2685"]
[PlyCount "58"]
[EventDate "1994.??.??"]
[Source "ChessBase"]
[SourceDate "1994.06.01"]

1. d4 Nf6 2. c4 e6 3. Nc3 d5 4. cxd5 exd5 5. Bg5 c6 6. e3 Bf5 7. Qf3 Bg6 8. Bxf6 Qxf6 9. Qxf6 gxf6 10. Kd2 Nd7 11. Bd3 Nb6 12. b3 Ba3 13. Nge2 Kd7 14. Ng3 Nc8 15. h4 Nd6 16. h5 Bxd3 17. Kxd3 Bb2 18. Rab1 Bxc3 19. Kxc3 Rhg8 20. Kd3 a5 21. a4 f5 22. Rh2 Ne4 23. Nxe4 fxe4+ 24. Ke2 f5 25. f3 Ke6 26. Rf1 Rg3 27. fxe4 fxe4 28. Rf4 Rag8 29. Kf2 h6 1/2-1/2

[Event "Ubeda"]
[Site "?"]
[Date "1997.??.??"]
[Round "?"]
[White "Illescas Cordoba, M."]
[Black "Bareev, E."]
[Result "1/2-1/2"]
[WhiteElo "2635"]
[BlackElo "2665"]
[PlyCount "90"]
[EventDate "1997.??.??"]
[Source "ChessBase"]
[SourceDate "1997.02.01"]

1. Nf3 d5 2. c4 c6 3. d4 Nf6 4. Nc3 e6 5. cxd5 exd5 6. Bg5 h6 7. Bh4 Bf5 8. e3 Nbd7 9. Bd3 Bxd3 10. Qxd3 Bd6 11. O-O-O Bb4 12. Nd2 O-O 13. Kb1 Re8 14. Rc1 Nf8 15. f3 Rc8 16. Nb3 b6 17. a3 Be7 18. Rhd1 Qd7 19. Bf2 Red8 20. e4 dxe4 21. fxe4 c5 22. Qf3 c4 23. Na1 b5 24. Nc2 a5 25. e5 N6h7 26. d5 b4 27. Ne4 c3 28. b3 Ng6 29. Qxf7+ Kxf7 30. e6+ Qxe6 31. dxe6+ Kxe6 32. axb4 Rxd1 33. Rxd1 axb4 34. Rd4 Ne5 35. Bg3 Nf6 36. Bxe5 Kxe5 37. Nf2 Rd8 38. Nd3+ Kf5 39. Ne3+ Ke6 40. Rxd8 Bxd8 41. Nxb4 Ba5 42. Na2 Nd5 43. Nxd5 Kxd5 44. Kc2 Kd4 45. b4 Bc7 1/2-1/2

[Event "Andorra"]
[Site "?"]
[Date "2003.07.13"]
[Round "9"]
[White "Khenkin Igor"]
[Black "Epishin Vladimir"]
[Result "1/2-1/2"]
[WhiteElo "2638"]
[BlackElo "2642"]
[PlyCount "22"]
[EventDate "2003.??.??"]
[Source "www.chesslib.no"]
[SourceDate "2004.05.04"]

1. d4 d5 2. c4 e6 3. Nf3 Nf6 4. Nc3 Nbd7 5. cxd5 exd5 6. Bg5 Be7 7. e3 O-O 8. Bd3 b6 9. Qa4 Bb7 10. Ba6 Bxa6 11. Qxa6 c6 1/2-1/2

[Event "Pula (zt)"]
[Site "?"]
[Date "2000.??.??"]
[Round "?"]
[White "Hertneck, G."]
[Black "Milov, V."]
[Result "1/2-1/2"]
[WhiteElo "2620"]
[BlackElo "2650"]
[PlyCount "38"]
[EventDate "2000.??.??"]
[Source "Chess Informant"]
[SourceDate "2000.02.01"]

1. d4 Nf6 2. c4 e6 3. Nf3 d5 4. Nc3 Nbd7 5. cxd5 exd5 6. Bf4 c6 7. Qc2 Nh5 8. Bg5 Be7 9. Bxe7 Qxe7 10. e3 Nb6 11. O-O-O g6 12. Bd3 Bg4 13. h3 Bxf3 14. gxf3 O-O-O 15. f4 Kb8 16. Kb1 Nf6 17. h4 Nc8 18. Be2 Nd6 19. h5 Nde4 1/2-1/2